LEADER 01215nam a2200289 i 4500 001 991002279349707536 005 20020507162117.0 008 000324s1982 it ita 035 $ab11634285-39ule_inst 035 $aLE02733759$9ExL 040 $aDip.to Studi Giuridici$bita 082 0 $a346.2 100 1 $aAlpa, Guido$08875 245 10$aRischio contrattuale e autonomia privata /$cGuido Alpa, Mario Bessone, Enzo Roppo 260 $aNapoli :$bJovene,$c1982 300 $a447 p. ;$c24 cm 650 4$aAutonomia privata 650 4$aContratti - Rischio 700 1 $aRoppo, Enzo$eauthor$4http://id.loc.gov/vocabulary/relators/aut$08877 700 1 $aBessone, Mario$eauthor$4http://id.loc.gov/vocabulary/relators/aut$08876 907 $a.b11634285$b17-06-21$c02-07-02 912 $a991002279349707536 945 $aLE027 PR-VII/A 9$g1$i2027000133550$lle027$o-$pE0.00$q-$rl$s- $t0$u6$v0$w6$x0$y.i11854224$z02-07-02 945 $aLE025 ECO 346 ALP01.20$g1$i2025000181939$lle025$nCatalogato 2021$o-$pE0.00$q-$rl$s- $t0$u0$v0$w0$x0$y.i15961667$z17-06-21 996 $aRischio contrattuale e autonomia privata$966940 997 $aUNISALENTO 998 $ale027$ale025$b01-01-00$cm$da $e-$fita$git $h0$i1